| 000 | 00430nam a2200157 i 4500 | ||
|---|---|---|---|
| 001 | 83941 | ||
| 003 | ES-MaACL | ||
| 005 | 20230906174922.0 | ||
| 007 | t| | ||
| 008 | 041118s1966 sp ||||1| baq d | ||
| 100 | 1 |
_aItziar y Aguirre, MartÃn. _965642 |
|
| 245 | 1 | 0 |
_aGure Txoriak / _cIt-ziar ta Agirre'tar Martin. |
| 260 |
_aZarauz : _bItxaropena, _c[1966] |
||
| 300 |
_a203 p. ; _c19 cm. |
||
| 852 |
_aES-MaACL _jC-31723 _bR.61896 |
||
| 999 |
_c83941 _d83941 |
||